Introduction to positive economics (Record no. 5640)

000 -LEADER
fixed length control field 00453nam a22001817a 4500
001 - CONTROL NUMBER
control field 5640
003 - CONTROL NUMBER IDENTIFIER
control field BD-DhUET
008 - FIXED-LENGTH DATA ELEMENTS--GENERAL INFORMATION
fixed length control field 141127b xxu||||| |||| 00| 0 eng d
040 ## - CATALOGING SOURCE
Transcribing agency 0
Modifying agency BD-DhUET
082 ## - DEWEY DECIMAL CLASSIFICATION NUMBER
Classification number 330
Item number LIP/1971
100 ## - MAIN ENTRY--PERSONAL NAME
Personal name Lipsey, Richard G.
245 ## - TITLE STATEMENT
Title Introduction to positive economics
250 ## - EDITION STATEMENT
Edition statement 3rd ed.
260 ## - PUBLICATION, DISTRIBUTION, ETC. (IMPRINT)
Name of publisher, distributor, etc. English Language Book
Place of publication, distribution, etc. Hampshire
Date of publication, distribution, etc. 1971
300 ## - PHYSICAL DESCRIPTION
Extent xx, 740 p.
Other physical details ill.
Dimensions 26 cm.
650 #0 - SUBJECT ADDED ENTRY--TOPICAL TERM
Topical term or geographic name as entry element Economics
942 ## - ADDED ENTRY ELEMENTS (KOHA)
Koha item type General Book
Holdings
Source of classification or shelving scheme Date acquired Not for loan Location (home branch) Koha item type Sublocation or collection (holding branch) Koha date last seen Damaged status Koha full call number Koha normalized classification for sorting Koha collection Withdrawn status Piece designation (barcode) Shelving location Price effective from Lost status Copy number
 2014-11-27 Central Library, BUETGeneral BookCentral Library, BUET2014-11-27 330/LIP/1971330LIP1971  23693Circulation section2014-11-27 1
 2014-11-27 Central Library, BUETGeneral BookCentral Library, BUET2014-11-27 330/LIP/1971330LIP1971  23702Circulation section2014-11-27 2
 2015-01-27 Central Library, BUETGeneral BookCentral Library, BUET2015-01-27 330/LIP/1971330_000000000000000_LIP_1971  23689Circulation section2015-01-27 3
 2015-01-27 Central Library, BUETGeneral BookCentral Library, BUET2015-01-27 330/LIP/1971330_000000000000000_LIP_1971  23684Circulation section2015-01-27 4
 2015-01-27 Central Library, BUETGeneral BookCentral Library, BUET2015-01-27 330/LIP/1971330_000000000000000_LIP_1971  23710Circulation section2015-01-27 5
 2015-01-27 Central Library, BUETGeneral BookCentral Library, BUET2015-01-27 330/LIP/1971330_000000000000000_LIP_1971  23713Circulation section2015-01-27 6
 2015-01-27 Central Library, BUETGeneral BookCentral Library, BUET2015-01-27 330/LIP/1971330_000000000000000_LIP_1971  23690Cataloging section2015-01-27 7
 2015-01-27 Central Library, BUETGeneral BookCentral Library, BUET2015-01-27 330/LIP/1971330_000000000000000_LIP_1971  23698Circulation section2015-01-27 8
 2015-01-27 Central Library, BUETGeneral BookCentral Library, BUET2015-01-27 330/LIP/1971330_000000000000000_LIP_1971  23685Circulation section2015-01-27 9
 2015-01-27 Central Library, BUETGeneral BookCentral Library, BUET2015-01-27 330/LIP/1971330_000000000000000_LIP_1971  23712Circulation section2015-01-27 10
 2015-01-28 Central Library, BUETGeneral BookCentral Library, BUET2015-01-28 330/LIP/1971330_000000000000000_LIP_1971Non Fiction 23677Circulation section2015-01-28 4
 2015-01-28 Central Library, BUETGeneral BookCentral Library, BUET2015-01-28 330/LIP/1971330_000000000000000_LIP_1971Non Fiction 23706Circulation section2015-01-28 30
 2015-01-28 Central Library, BUETGeneral BookCentral Library, BUET2015-01-28 330/LIP/1971330_000000000000000_LIP_1971Non Fiction 23705Circulation section2015-01-28 29
 2015-01-28 Central Library, BUETGeneral BookCentral Library, BUET2015-01-28 330/LIP/1971330_000000000000000_LIP_1971Non Fiction 23680Circulation section2015-01-28 16
 2015-04-20 Central Library, BUETGeneral BookCentral Library, BUET2015-04-20 330/LIP/1971330_000000000000000_LIP_1971  23691Circulation section2015-04-20 15